000 00415nam a22001697a 4500
003 OSt
005 20211229101619.0
008 211229b |||||||| |||| 00| 0 eng d
020 _a9788181288707
040 _cHU
082 _a005.133
100 _aGross Christian
_925939
245 _aBeginning C= 2008 From Novice To Professional
260 _aNew Delhi
_bNew Delhi
300 _f467
942 _2ddc
_cBOOKS
_n0
999 _c24855
_d24855